Loading...

Cocepts attainment model in mathematics teaching

Bibliographic Details
Main Author: Prabhakaram, K S
Format: Printed Book
Language:English
Subjects:
LEADER 00385nam a2200109Ia 4500
008 101008s9999 xx 000 0 eng d
100 |a Prabhakaram, K S 
245 |a Cocepts attainment model in mathematics teaching 
650 |a Mathematics Teaching 
942 |c BK 
999 |c 184380  |d 184380 
952 |0 0  |1 0  |4 0  |7 0  |9 203673  |a EDU  |b EDU  |c ST1  |d 2010-10-20  |i 5995  |l 1  |p EDU5995  |r 2014-04-01  |s 2014-03-31  |w 2010-10-20  |y BK